000 00853nam a2200253Ia 4500
003 OSt
005 20221005113206.0
006 a|||||r|||| 00| 0
007 ta
008 221004b |||||||| |||| 00| 0 pan d
020 _c68
024 _a117102
037 _b606, 17/02/2012, H.K. Prakashan
_cTextual
040 _aCRL
_cCRL
_bpan
041 _2pan
_apan
082 _aQ8441:21:g, 153P6
100 _aਮਦਨ ਲਾਲ ਹਸੀਜਾ
245 0 _aਗੁਰਮਤਿ ਸਾਹਿਤ
_b ਬਹੁਪੱਖੀ ਅਧਿਅਨ
260 _aਪੰਜਾਬ
_bਭਾਾ ਵਿਭਾਗ ਭਾਰਤ
_c2006
300 _a365ਪੰ
_ccm.
650 _aਧOਰੁ Fਸੱਢ
942 _hQ8441:21:g, 153P6
_cTEXL
_2cc
999 _c1027347
_d1027347